| Record ID | ia:principlesofscho0000drur |
| Source | Internet Archive |
| Download MARC XML | https://archive.org/download/principlesofscho0000drur/principlesofscho0000drur_marc.xml |
| Download MARC binary | https://www.archive.org/download/principlesofscho0000drur/principlesofscho0000drur_meta.mrc |
LEADER: 00702cam a22002291 4500
001 65015082
003 DLC
005 20050629123154.0
008 711223s1965 nyu b 000 0 eng
010 $a 65015082
035 $a(OCoLC)186859
040 $aDLC$cODaWU$dOCoLC$dDLC
042 $apremarc
050 00 $aKF4114$b.D75
082 $a379.14
100 1 $aDrury, Robert L.
245 10 $aPrinciples of school law,$bwith cases$c[by] Robert L. Drury [and] Kenneth C. Ray.
260 $aNew York,$bAppleton-Century-Crofts$c[1965]
300 $axv, 356 p.$c24 cm.
504 $aBibliography: p. 349-350.
650 0 $aEducational law and legislation$zUnited States.
700 1 $aRay, Kenneth C.,$ejoint author.